[Event "St Petersburg Korchnoi Memorial op"]
[Site "St Petersburg"]
[Date "2023.08.21"]
[Round "6"]
[White "Sidorov, Dmitry I"]
[Black "Shepel, Ivan"]
[Result "1-0"]
[WhiteElo "2009"]
[BlackElo "1596"]
[PlyCount "51"]
[EventDate "2023.08.18"]
[EventType "swiss"]
[EventRounds "9"]
[EventCountry "RUS"]
[SourceTitle "CBM 216 Extra"]
[Source "ChessBase"]
[SourceDate "2023.11.30"]
[SourceVersion "1"]
[SourceVersionDate "2023.11.30"]
[SourceQuality "1"]

1. e4 c5 2. Nc3 a6 3. g3 b5 4. Bg2 Bb7 5. Nge2 e6 6. 0-0 b4 7. Na4 Nf6 8. d3 d5 9. Be3 Qa5 10. b3 Nbd7 11. a3 Qb5 12. axb4 cxb4 13. c4 bxc3 14. Nexc3 Qb4 15. exd5 Nxd5 16. Nxd5 Bxd5 17. Bxd5 exd5 18. Re1 Be7 19. Bg5 f6 20. Bd2 Qd6 21. Bf4 Qb4 22. Qh5+ Kf8 23. Qxd5 Ra7 24. Re4 Qb5 25. Qe6 Nc5 26. Nxc5 1-0

[Event "St Petersburg Korchnoi Memorial op"]
[Site "St Petersburg"]
[Date "2023.08.20"]
[Round "4"]
[White "Merzanyukov, Vladislav"]
[Black "Sidorov, Dmitry I"]
[Result "1-0"]
[WhiteElo "1606"]
[BlackElo "2009"]
[PlyCount "66"]
[EventDate "2023.08.18"]
[EventType "swiss"]
[EventRounds "9"]
[EventCountry "RUS"]
[SourceTitle "CBM 216 Extra"]
[Source "ChessBase"]
[SourceDate "2023.11.30"]
[SourceVersion "1"]
[SourceVersionDate "2023.11.30"]
[SourceQuality "1"]

1. e4 d6 2. d4 g6 3. c4 Bg7 4. Be3 c5 5. Nc3 cxd4 6. Bxd4 Nf6 7. Nd5 0-0 8. Bxf6 exf6 9. Bd3 Be6 10. Ne2 Bxd5 11. cxd5 Nd7 12. 0-0 Nc5 13. Qd2 Re8 14. Nc3 Rc8 15. Rac1 Bh6 16. Qxh6 Nxd3 17. Rc2 Nc5 18. Re2 Re5 19. Qe3 Qb6 20. Qd4 Rce8 21. Rfe1 a6 22. h4 Nd7 23. Qxb6 Nxb6 24. g4 Rc8 25. f4 Re7 26. g5 fxg5 27. hxg5 Nc4 28. e5 Kf8 29. Kg2 Nxb2 30. exd6 Rxe2+ 31. Rxe2 Nc4 32. Ne4 Rd8 33. Kf3 Nxd6 1-0

[Event "St Petersburg Korchnoi Memorial op"]
[Site "St Petersburg"]
[Date "2023.08.18"]
[Round "1"]
[White "Sidorov, Dmitry I"]
[Black "Balandina, Anna"]
[Result "1-0"]
[WhiteElo "2009"]
[BlackElo "1464"]
[PlyCount "67"]
[EventDate "2023.08.18"]
[EventType "swiss"]
[EventRounds "9"]
[EventCountry "RUS"]
[SourceTitle "CBM 216 Extra"]
[Source "ChessBase"]
[SourceDate "2023.11.30"]
[SourceVersion "1"]
[SourceVersionDate "2023.11.30"]
[SourceQuality "1"]

1. e4 c6 2. d4 d5 3. e5 c5 4. c4 cxd4 5. Nf3 Nc6 6. Nxd4 Nxd4 7. Qxd4 dxc4 8. Qxd8+ Kxd8 9. Bxc4 e6 10. Nc3 Bb4 11. Bg5+ f6 12. 0-0-0+ Ke7 13. exf6+ gxf6 14. Bd2 Kf7 15. a3 Bxc3 16. Bxc3 Ne7 17. Rhe1 Nf5 18. g4 Ng7 19. f4 Re8 20. f5 a6 21. fxe6+ Bxe6 22. Rd7+ Kg6 23. Rxg7+ Kxg7 24. Bxe6 h6 25. h4 Kg6 26. Bf5+ Kf7 27. Rf1 Rg8 28. h5 Kg7 29. Bg6 Rgf8 30. Re1 Kg8 31. Re7 b5 32. Bh7+ Kh8 33. Bf5 Rae8 34. Bxf6+ 1-0

[Event "Chigorin Memorial 29th"]
[Site "St Petersburg"]
[Date "2022.10.27"]
[Round "6"]
[White "Sidorov, Dmitry I"]
[Black "Chereshkevich, Yuri"]
[Result "1-0"]
[WhiteElo "2072"]
[BlackElo "1723"]
[PlyCount "47"]
[EventDate "2022.10.22"]
[EventType "swiss"]
[EventRounds "9"]
[EventCountry "RUS"]
[SourceTitle "EXT 2024"]
[Source "ChessBase"]
[SourceDate "2023.10.10"]
[SourceVersion "1"]
[SourceVersionDate "2023.10.10"]
[SourceQuality "1"]

1. c4 f5 2. Nc3 Nf6 3. g3 g6 4. Bg2 Bg7 5. e3 0-0 6. Nge2 e5 7. 0-0 d6 8. b4 c6 9. d4 e4 10. d5 Qe8 11. Bb2 g5 12. dxc6 Qxc6 13. Nd5 Nxd5 14. cxd5 Qb6 15. Bxg7 Kxg7 16. Nd4 Qxb4 17. Qh5 h6 18. Rfc1 Na6 19. Rxc8 Raxc8 20. Ne6+ Kf6 21. Qxh6+ Ke7 22. Nxf8 Rxf8 23. Qe6+ Kd8 24. Rc1 1-0

[Event "Chigorin Memorial 29th"]
[Site "St Petersburg"]
[Date "2022.10.22"]
[Round "1"]
[White "Fokin, Anatoly"]
[Black "Sidorov, Dmitry I"]
[Result "0-1"]
[WhiteElo "1494"]
[BlackElo "2072"]
[PlyCount "72"]
[EventDate "2022.10.22"]
[EventType "swiss"]
[EventRounds "9"]
[EventCountry "RUS"]
[SourceTitle "EXT 2024"]
[Source "ChessBase"]
[SourceDate "2023.10.10"]
[SourceVersion "1"]
[SourceVersionDate "2023.10.10"]
[SourceQuality "1"]

1. d4 Nf6 2. Nf3 e6 3. Bf4 b6 4. e3 Bb7 5. Be2 d6 6. c4 Nbd7 7. Nc3 h6 8. h3 g5 9. Bh2 Rg8 10. Qc2 h5 11. d5 g4 12. hxg4 hxg4 13. Nd4 exd5 14. cxd5 Nxd5 15. Nxd5 Bxd5 16. e4 Bb7 17. Bb5 Rg5 18. Nf5 c6 19. Bc4 b5 20. Bb3 Qa5+ 21. Ke2 0-0-0 22. Bf4 Rxf5 23. exf5 c5 24. f3 c4 25. a4 gxf3+ 26. gxf3 Re8+ 27. Kf2 Qb6+ 28. Kg2 Qc6 29. Rh3 a6 30. axb5 axb5 31. Rc1 Nf6 32. Qd2 Nd5 33. Bc2 Re2+ 34. Qxe2 Nxf4+ 35. Kf2 Qc5+ 36. Qe3 Nxh3+ 0-1

[Event "Chigorin Memorial 28th"]
[Site "St Petersburg"]
[Date "2021.10.30"]
[Round "8"]
[White "Surkova, Sofya"]
[Black "Sidorov, Dmitry I"]
[Result "1/2-1/2"]
[WhiteElo "1763"]
[BlackElo "2131"]
[PlyCount "72"]
[EventDate "2021.10.23"]
[EventType "swiss"]
[EventRounds "9"]
[EventCountry "RUS"]
[SourceTitle "EXT 2023"]
[Source "ChessBase"]
[SourceDate "2022.10.05"]
[SourceVersion "1"]
[SourceVersionDate "2022.10.05"]
[SourceQuality "1"]

1. b3 d5 2. Bb2 Bg4 3. Nf3 Bxf3 4. exf3 c5 5. Bb5+ Nc6 6. 0-0 e6 7. d4 Nf6 8. Nc3 cxd4 9. Qxd4 Bd6 10. Ne2 0-0 11. Bxc6 bxc6 12. Qh4 Nd7 13. Qxd8 Rfxd8 14. Rfd1 a5 15. a4 Rdb8 16. g3 Ra6 17. f4 f6 18. Kg2 Kf7 19. Nd4 Bc5 20. Nf3 Ba7 21. Rab1 Nc5 22. Bd4 Ne4 23. Bxa7 Rxa7 24. Nd4 Ra6 25. Ne2 c5 26. f3 Nd6 27. g4 f5 28. g5 Rab6 29. Re1 Rb4 30. Kg3 c4 31. Nd4 cxb3 32. Rxb3 Rxb3 33. cxb3 Rb4 34. Nxe6 Rxb3 35. Nd8+ Kf8 36. Re6 Rb6 1/2-1/2

[Event "Chigorin Memorial 28th"]
[Site "St Petersburg"]
[Date "2021.10.24"]
[Round "2"]
[White "Volkov, Sergey"]
[Black "Sidorov, Dmitry I"]
[Result "1-0"]
[WhiteElo "2541"]
[BlackElo "2131"]
[PlyCount "83"]
[EventDate "2021.10.23"]
[EventType "swiss"]
[EventRounds "9"]
[EventCountry "RUS"]
[SourceTitle "EXT 2023"]
[Source "ChessBase"]
[SourceDate "2022.10.05"]
[SourceVersion "1"]
[SourceVersionDate "2022.10.05"]
[SourceQuality "1"]

1. d4 Nf6 2. c4 e6 3. Nc3 Bb4 4. e3 0-0 5. Nge2 d5 6. a3 Be7 7. cxd5 exd5 8. g3 c6 9. Bg2 Bf5 10. f3 c5 11. g4 Be6 12. Nf4 Nc6 13. h4 cxd4 14. exd4 Bd6 15. Nce2 Re8 16. 0-0 Bxg4 17. fxg4 Nxg4 18. Qd3 Qxh4 19. Qh3 Qxh3 20. Bxh3 Ne3 21. Bd7 Re4 22. Bxe3 Rxe3 23. Rf2 Rb3 24. Nxd5 Rxb2 25. Ne3 Rd8 26. Nc4 Rc2 27. Bxc6 bxc6 28. Nxd6 Rxd6 29. Rb1 h5 30. Rb8+ Kh7 31. Rb7 Ra2 32. Rbxf7 Rxa3 33. Rg2 Rg6 34. Rxg6 Kxg6 35. Rc7 Ra6 36. Kf2 h4 37. Kf3 Kf6 38. Kg4 g5 39. Nc3 Ke6 40. Kxg5 h3 41. Rh7 Ra5+ 42. Kf4 1-0

[Event "RUS-ch U20"]
[Site "Loo"]
[Date "2021.04.26"]
[Round "6"]
[White "Babanin, Gleb"]
[Black "Sidorov, Dmitry I"]
[Result "1/2-1/2"]
[WhiteElo "2123"]
[BlackElo "2139"]
[PlyCount "83"]
[EventDate "2021.04.21"]
[EventType "swiss"]
[EventRounds "9"]
[EventCountry "RUS"]
[SourceTitle "CBM 202 Extra"]
[Source "ChessBase"]
[SourceDate "2021.07.31"]
[SourceVersion "1"]
[SourceVersionDate "2021.07.31"]
[SourceQuality "1"]

1. d4 Nf6 2. c4 d6 3. Nc3 Bf5 4. f3 e5 5. e4 exd4 6. Qxd4 Be6 7. Be3 g6 8. Qd2 Bg7 9. b3 0-0 10. Nge2 c6 11. Nd4 d5 12. e5 Ne8 13. f4 Nc7 14. Nxe6 fxe6 15. h4 Nd7 16. 0-0-0 a5 17. h5 a4 18. hxg6 hxg6 19. Bd3 axb3 20. axb3 Qe7 21. Bxg6 Rfd8 22. cxd5 Nxd5 23. Nxd5 cxd5 24. Qb2 Ra3 25. Kb1 Rda8 26. Bd4 Qb4 27. Rh3 Nc5 28. Bh7+ Kf7 29. Bc2 Nd7 30. f5 Nb6 31. Qc3 Ra1+ 32. Qxa1 Rxa1+ 33. Kxa1 exf5 34. Bxf5 Nc4 35. bxc4 Qa4+ 36. Kb2 Qxd1 37. e6+ Kf8 38. e7+ Kxe7 39. Bxg7 Qe2+ 40. Bc2 Qxg2 41. Re3+ Kd7 42. Bd4 1/2-1/2

[Event "RUS-ch U20"]
[Site "Loo"]
[Date "2021.04.25"]
[Round "5"]
[White "Sidorov, Dmitry I"]
[Black "Makovich, Andrey"]
[Result "0-1"]
[WhiteElo "2139"]
[BlackElo "2171"]
[PlyCount "58"]
[EventDate "2021.04.21"]
[EventType "swiss"]
[EventRounds "9"]
[EventCountry "RUS"]
[SourceTitle "CBM 202 Extra"]
[Source "ChessBase"]
[SourceDate "2021.07.31"]
[SourceVersion "1"]
[SourceVersionDate "2021.07.31"]
[SourceQuality "1"]

1. c4 c6 2. d4 d5 3. cxd5 cxd5 4. Bg5 Nc6 5. Nc3 Nf6 6. Bxf6 exf6 7. e3 Be6 8. Qb3 Rb8 9. Nge2 Bd6 10. g3 b5 11. Bg2 Na5 12. Qc2 b4 13. Nxd5 b3 14. Qe4 f5 15. Qf3 Nc4 16. axb3 Rxb3 17. Nef4 Rxb2 18. Qd1 0-0 19. 0-0 Bxd5 20. Bxd5 Nxe3 21. fxe3 Bxf4 22. Qf3 Bxe3+ 23. Kh1 Bxd4 24. Qxf5 Rd2 25. Bxf7+ Kh8 26. Ra5 g6 27. Qd5 Qe7 28. Ra2 Qe3 29. Qd6 Qe4+ 0-1

[Event "Chigorin Memorial 27th"]
[Site "St Petersburg"]
[Date "2019.10.13"]
[Round "9"]
[White "Reger, Valeriia"]
[Black "Sidorov, Dmitry I"]
[Result "1-0"]
[WhiteElo "1599"]
[BlackElo "2059"]
[PlyCount "71"]
[EventDate "2019.10.05"]
[EventType "swiss"]
[EventRounds "9"]
[EventCountry "RUS"]
[SourceTitle "EXT 2021"]
[Source "ChessBase"]
[SourceDate "2020.10.23"]
[SourceVersion "1"]
[SourceVersionDate "2020.10.23"]
[SourceQuality "1"]

1. d4 Nc6 2. Nf3 e6 3. g3 Nf6 4. Bg2 b5 5. a4 b4 6. c4 bxc3 7. Nxc3 Bb4 8. 0-0 0-0 9. Ne5 Bb7 10. Nxc6 Bxc6 11. Bxc6 dxc6 12. Bg5 Be7 13. Rc1 Rb8 14. Rc2 Rb4 15. e3 Qb8 16. Bxf6 Bxf6 17. Ne4 Be7 18. Rxc6 e5 19. Qc1 exd4 20. Rxc7 Bd8 21. Rc8 Qe5 22. Nc5 Qf5 23. Ra8 Qd5 24. Rc8 Rc4 25. e4 Bg5 26. Rxf8+ Kxf8 27. exd5 Bxc1 28. Nd3 Bd2 29. Rd1 Ba5 30. Ne5 Rxa4 31. b3 Ra3 32. Nc4 Ra2 33. Rxd4 Be1 34. Rf4 Ke7 35. Kf1 Ra1 36. Re4+ 1-0

[Event "Chigorin Memorial 27th"]
[Site "St Petersburg"]
[Date "2019.10.12"]
[Round "8"]
[White "Sidorov, Dmitry I"]
[Black "Gomes, Mary Ann"]
[Result "0-1"]
[WhiteElo "2059"]
[BlackElo "2268"]
[PlyCount "56"]
[EventDate "2019.10.05"]
[EventType "swiss"]
[EventRounds "9"]
[EventCountry "RUS"]
[SourceTitle "EXT 2021"]
[Source "ChessBase"]
[SourceDate "2020.10.23"]
[SourceVersion "1"]
[SourceVersionDate "2020.10.23"]
[SourceQuality "1"]

1. e4 c5 2. Nf3 e6 3. g3 Nc6 4. Bg2 d6 5. 0-0 Nf6 6. Qe2 Be7 7. c3 0-0 8. d4 e5 9. Rd1 Qc7 10. b4 cxd4 11. cxd4 Bg4 12. Bb2 Nxd4 13. Bxd4 exd4 14. Na3 Rac8 15. Nb5 Qc4 16. Qxc4 Rxc4 17. Rxd4 Rfc8 18. Rxc4 Rxc4 19. e5 dxe5 20. Nxe5 Rxb4 21. a4 a6 22. Bxb7 axb5 23. a5 Ra4 24. Rb1 Bh3 25. a6 Bc5 26. Nd3 Bd4 27. Nf4 Bd7 28. Rc1 g5 0-1

[Event "Chigorin Memorial 27th"]
[Site "St Petersburg"]
[Date "2019.10.07"]
[Round "3"]
[White "Dimitrova, Aleksandra"]
[Black "Sidorov, Dmitry I"]
[Result "1-0"]
[WhiteElo "2241"]
[BlackElo "2059"]
[PlyCount "53"]
[EventDate "2019.10.05"]
[EventType "swiss"]
[EventRounds "9"]
[EventCountry "RUS"]
[SourceTitle "EXT 2020"]
[Source "ChessBase"]
[SourceDate "2019.10.17"]
[SourceVersion "1"]
[SourceVersionDate "2019.10.17"]
[SourceQuality "1"]

1. e4 e6 2. d4 d5 3. Nd2 Nf6 4. e5 Ne4 5. Nxe4 dxe4 6. Bc4 Nd7 7. Ne2 c5 8. c3 Qa5 9. 0-0 b5 10. Bb3 Bb7 11. Ng3 Be7 12. Qg4 0-0-0 13. Bc2 h5 14. Qe2 h4 15. Nxe4 c4 16. b4 Qc7 17. Nc5 Bxc5 18. bxc5 Qc6 19. f3 f5 20. exf6 Nxf6 21. Bg5 Rdf8 22. Bxf6 Rxf6 23. Be4 Qc7 24. a4 h3 25. g3 Rh5 26. axb5 Rg5 27. c6 1-0

[Event "St Petersburg Korchnoi Memorial op"]
[Site "St Petersburg"]
[Date "2019.08.21"]
[Round "8"]
[White "Samudin, Elina"]
[Black "Sidorov, Dmitry I"]
[Result "1/2-1/2"]
[WhiteElo "1774"]
[BlackElo "2013"]
[PlyCount "82"]
[EventDate "2019.08.14"]
[EventType "swiss"]
[EventRounds "9"]
[EventCountry "RUS"]
[SourceTitle "CBM 192"]
[Source "ChessBase"]
[SourceDate "2019.10.31"]
[SourceVersion "1"]
[SourceVersionDate "2019.10.31"]
[SourceQuality "1"]

1. d4 b5 2. Bf4 Bb7 3. Nf3 Nf6 4. e3 a6 5. c4 bxc4 6. Bxc4 e6 7. Nbd2 Nc6 8. 0-0 Be7 9. h3 0-0 10. Rc1 d6 11. Qe2 Na5 12. Bd3 c5 13. dxc5 dxc5 14. Rfd1 Nd5 15. Be5 Qb6 16. Nc4 Nxc4 17. Bxc4 Rfd8 18. Ne1 Rac8 19. Qg4 Bf6 20. Bxf6 Nxf6 21. Qe2 Ne4 22. Nd3 Nd6 23. Ne5 Nxc4 24. Rxd8+ Rxd8 25. Qxc4 Qxb2 26. Qxc5 f6 27. Qc7 Rf8 28. Nd3 Qb5 29. Qd6 Qd5 30. Qxd5 Bxd5 31. Nb4 Bb7 32. Rc7 Rb8 33. Nc6 Bxc6 34. Rxc6 a5 35. Ra6 Rb5 36. Kh2 Kf7 37. Kg3 g5 38. Kf3 h5 39. g4 h4 40. Ra7+ Kg6 41. Ra6 Kf7 1/2-1/2

[Event "St Petersburg Korchnoi Memorial op"]
[Site "St Petersburg"]
[Date "2019.08.20"]
[Round "7"]
[White "Gerasimov, Vadim"]
[Black "Sidorov, Dmitry I"]
[Result "1-0"]
[WhiteElo "1788"]
[BlackElo "2013"]
[PlyCount "63"]
[EventDate "2019.08.14"]
[EventType "swiss"]
[EventRounds "9"]
[EventCountry "RUS"]
[SourceTitle "CBM 192"]
[Source "ChessBase"]
[SourceDate "2019.10.31"]
[SourceVersion "1"]
[SourceVersionDate "2019.10.31"]
[SourceQuality "1"]

1. d4 d6 2. c4 Nf6 3. Nc3 Nbd7 4. e4 e5 5. Nf3 Be7 6. Be2 0-0 7. 0-0 Re8 8. Re1 Bf8 9. Bf1 h6 10. d5 c6 11. h3 Qc7 12. Be3 Nc5 13. Qc2 cxd5 14. Nxd5 Qd8 15. Nc3 Ne6 16. Rad1 Bd7 17. b4 Rc8 18. Qb3 a6 19. Nd5 Nxd5 20. cxd5 Ng5 21. Nxg5 hxg5 22. Rc1 g4 23. Rxc8 Bxc8 24. hxg4 Bxg4 25. b5 Qa5 26. Rc1 Bd7 27. bxa6 bxa6 28. Bb6 Qd2 29. Be3 Qa5 30. Rc2 Bb5 31. Bb6 Qxb6 32. a4 1-0

[Event "St Petersburg Korchnoi Memorial op"]
[Site "St Petersburg"]
[Date "2019.08.18"]
[Round "5"]
[White "Sidorov, Dmitry I"]
[Black "Pranizin, Gennady"]
[Result "0-1"]
[WhiteElo "2013"]
[BlackElo "2232"]
[PlyCount "48"]
[EventDate "2019.08.14"]
[EventType "swiss"]
[EventRounds "9"]
[EventCountry "RUS"]
[SourceTitle "CBM 192"]
[Source "ChessBase"]
[SourceDate "2019.10.31"]
[SourceVersion "1"]
[SourceVersionDate "2019.10.31"]
[SourceQuality "1"]

1. e4 e5 2. Bc4 Nf6 3. Nc3 Nc6 4. d3 Bb4 5. Nge2 d5 6. exd5 Nxd5 7. 0-0 Be6 8. a3 Be7 9. b4 0-0 10. Bb2 Nxc3 11. Nxc3 Bxc4 12. dxc4 a5 13. b5 Nd4 14. Re1 f6 15. Nd5 Bc5 16. Bxd4 Bxd4 17. c3 Bc5 18. Qg4 f5 19. Qg3 c6 20. Qxe5 cxd5 21. Rad1 b6 22. Rxd5 Qe8 23. Rxc5 bxc5 24. Qd5+ Qf7 0-1

[Event "St Petersburg Korchnoi Memorial op"]
[Site "St Petersburg"]
[Date "2019.08.14"]
[Round "1"]
[White "Sidorov, Dmitry I"]
[Black "Burmakin, Vladimir"]
[Result "0-1"]
[WhiteElo "2013"]
[BlackElo "2508"]
[PlyCount "48"]
[EventDate "2019.08.14"]
[EventType "swiss"]
[EventRounds "9"]
[EventCountry "RUS"]
[SourceTitle "CBM 192"]
[Source "ChessBase"]
[SourceDate "2019.10.31"]
[SourceVersion "1"]
[SourceVersionDate "2019.10.31"]
[SourceQuality "1"]

1. e4 c6 2. d4 d5 3. e5 Bf5 4. Nf3 e6 5. Be2 Ne7 6. 0-0 Bg6 7. b3 Nf5 8. c4 Be7 9. Nc3 0-0 10. Bb2 Nd7 11. Rc1 f6 12. cxd5 exd5 13. Re1 fxe5 14. dxe5 Nc5 15. b4 Ne6 16. b5 Kh8 17. bxc6 bxc6 18. Qa4 Qb6 19. Ba3 Nc5 20. Qg4 Ne4 21. Bxe7 Nxf2 22. Bb4 Nh3+ 23. Kh1 Qg1+ 24. Rxg1 Nf2# 0-1